<?xml version="1.0" encoding="UTF-8"?>
<record
    xmlns:xsi="http://www.w3.org/2001/XMLSchema-instance"
    xsi:schemaLocation="http://www.loc.gov/MARC21/slim http://www.loc.gov/standards/marcxml/schema/MARC21slim.xsd"
    xmlns="http://www.loc.gov/MARC21/slim">

  <leader>03249cam a22004574i 4500</leader>
  <controlfield tag="003">PE-LiUPU</controlfield>
  <controlfield tag="005">20250731165416.0</controlfield>
  <controlfield tag="008">151202s2013    pe     grm    000 0 spa d</controlfield>
  <datafield tag="035" ind1=" " ind2=" ">
    <subfield code="a">(Sirsi) a155385</subfield>
  </datafield>
  <datafield tag="040" ind1=" " ind2=" ">
    <subfield code="a">PE-LiUPU</subfield>
    <subfield code="b">spa</subfield>
    <subfield code="c">PE-LiUPU</subfield>
    <subfield code="e">rda</subfield>
  </datafield>
  <datafield tag="099" ind1=" " ind2=" ">
    <subfield code="a">SP 3</subfield>
    <subfield code="b">Q73 2013</subfield>
  </datafield>
  <datafield tag="100" ind1="1" ind2=" ">
    <subfield code="a">Ramos Flores, Nitzy</subfield>
    <subfield code="e">autor</subfield>
  </datafield>
  <datafield tag="245" ind1="1" ind2=" ">
    <subfield code="a">Efectividad del programa "L&#xE1;vate la manos con agua y con jab&#xF3;n" conocimiento y pr&#xE1;ctica del lavado de manos de las madres de los ni&#xF1;os menores de cinco a&#xF1;os, en Miguel Gra&#xFA;-Lima, 2005 /</subfield>
    <subfield code="c">Nitzy Ramos Flores.</subfield>
  </datafield>
  <datafield tag="264" ind1=" " ind2="0">
    <subfield code="c">2013.</subfield>
  </datafield>
  <datafield tag="300" ind1=" " ind2=" ">
    <subfield code="a">91 hojas </subfield>
    <subfield code="c">30 cm</subfield>
  </datafield>
  <datafield tag="336" ind1=" " ind2=" ">
    <subfield code="a">text</subfield>
    <subfield code="2">rdacontent</subfield>
  </datafield>
  <datafield tag="337" ind1=" " ind2=" ">
    <subfield code="a">unmediated</subfield>
    <subfield code="2">rdamedia</subfield>
  </datafield>
  <datafield tag="338" ind1=" " ind2=" ">
    <subfield code="a">volume</subfield>
    <subfield code="2">rdacarrier</subfield>
  </datafield>
  <datafield tag="502" ind1=" " ind2=" ">
    <subfield code="a">Tesis</subfield>
    <subfield code="b">(Mg.) -- </subfield>
    <subfield code="c">Universidad Peruana Uni&#xF3;n,</subfield>
    <subfield code="d">2013.</subfield>
  </datafield>
  <datafield tag="504" ind1=" " ind2=" ">
    <subfield code="a">Incluye referencias</subfield>
  </datafield>
  <datafield tag="520" ind1="3" ind2=" ">
    <subfield code="a">Educar a las madres en el conocimiento de los momentos cr&#xED;ticos de lavado de manos y la pr&#xE1;ctica de t&#xE9;cnica correcta, tiene un rol crucial dentro de las estrategias orientadas a disminuir la prevalencia de las enfermedades diarreicas agudas. En este programa, denominado: "L&#xE1;vate las manos con agua y con jab&#xF3;n", realizado en la localidad de Miguel Grau, distrito de Chaclacayo, tuvo como objetivo general determinar la efectividad del programa. El mismo que fue comprobado con el cumplimiento de las metas: incrementar el conocimiento de los momentos cr&#xED;ticos del lavado de manos, al menos a un 70 por ciento, e incrementar la pr&#xE1;ctica del lavado de manos, al menos a un 60 por ciento. Para esto, el programa tuvo estrategias de un convenio p&#xFA;blico privado entre el MINSA y la Escuela de Postgrado Salud P&#xFA;blica de la UPeU y tambi&#xE9;n se reclutaron agentes comunitarios de salud, que son personas integrantes de la comunidad. El dise&#xF1;o del estudio fue descriptivo, de tipo pre-experimental con dise&#xF1;os de pre-test y post-test y longitudinal. La prueba estad&#xED;stica que se us&#xF3; fue la prueba de proporciones relacionadas de Mc Neman, porque mide dos variables dicot&#xF3;micas (&#xE9;xito-fracaso), en dos momentos temporales diferentes y resulta &#xFA;til para medir el cambio. La poblaci&#xF3;n fueron, hogares con ni&#xF1;os menores de 5 a&#xF1;os, y la muestra fue de 165 unidades de an&#xE1;lisis. El muestreo fue aleatorio, por conglomerados. El programa influy&#xF3; a que la poblaci&#xF3;n objetivo incrementara su conocimiento de los momentos cr&#xED;ticos del lavado de manos de un 36 por ciento a un 68 por ciento. Igualmente, el referido programa, incluy&#xF3; para que se incremente la pr&#xE1;ctica adecuada del lavado de manos de un 50 por ciento a un 72 por ciento. El programa fue efectivo ya que se logr&#xF3; el cumplimiento de las metas y objetivos propuestos.</subfield>
  </datafield>
  <datafield tag="526" ind1=" " ind2=" ">
    <subfield code="a">SEG44</subfield>
  </datafield>
  <datafield tag="526" ind1=" " ind2=" ">
    <subfield code="a">SEG26</subfield>
  </datafield>
  <datafield tag="526" ind1=" " ind2=" ">
    <subfield code="a">P151</subfield>
  </datafield>
  <datafield tag="526" ind1=" " ind2=" ">
    <subfield code="a">P150</subfield>
  </datafield>
  <datafield tag="526" ind1=" " ind2=" ">
    <subfield code="a">P149</subfield>
  </datafield>
  <datafield tag="526" ind1=" " ind2=" ">
    <subfield code="a">P146</subfield>
  </datafield>
  <datafield tag="526" ind1=" " ind2=" ">
    <subfield code="a">P145</subfield>
  </datafield>
  <datafield tag="526" ind1=" " ind2=" ">
    <subfield code="a">P126</subfield>
  </datafield>
  <datafield tag="526" ind1=" " ind2=" ">
    <subfield code="a">P125</subfield>
  </datafield>
  <datafield tag="526" ind1=" " ind2=" ">
    <subfield code="a">P92</subfield>
  </datafield>
  <datafield tag="526" ind1=" " ind2=" ">
    <subfield code="a">P75</subfield>
  </datafield>
  <datafield tag="526" ind1=" " ind2=" ">
    <subfield code="a">P74</subfield>
  </datafield>
  <datafield tag="526" ind1=" " ind2=" ">
    <subfield code="a">P27</subfield>
  </datafield>
  <datafield tag="526" ind1=" " ind2=" ">
    <subfield code="a">P15</subfield>
  </datafield>
  <datafield tag="650" ind1="0" ind2="4">
    <subfield code="a">Madres</subfield>
    <subfield code="x">Salud e higiene.</subfield>
  </datafield>
  <datafield tag="650" ind1="0" ind2="4">
    <subfield code="a">Diarrea infantil</subfield>
    <subfield code="x">Prevenci&#xF3;n.</subfield>
  </datafield>
  <datafield tag="596" ind1=" " ind2=" ">
    <subfield code="a">1</subfield>
  </datafield>
  <datafield tag="942" ind1=" " ind2=" ">
    <subfield code="2">ddc</subfield>
    <subfield code="c">TESIS</subfield>
  </datafield>
  <datafield tag="999" ind1=" " ind2=" ">
    <subfield code="a">SP 3 R21 2005</subfield>
    <subfield code="w">ALPHANUM</subfield>
    <subfield code="c">8068</subfield>
    <subfield code="i">T00454</subfield>
    <subfield code="l">CCODEBUL3</subfield>
    <subfield code="m">BUL</subfield>
    <subfield code="r">1</subfield>
    <subfield code="s">Y</subfield>
    <subfield code="t">TESIS</subfield>
    <subfield code="u">2015-12-2</subfield>
    <subfield code="x">POSGRADO</subfield>
    <subfield code="P">P82</subfield>
    <subfield code="o">.STAFF. Tesis</subfield>
    <subfield code="d">8068</subfield>
  </datafield>
  <datafield tag="980" ind1=" " ind2=" ">
    <subfield code="8">1</subfield>
    <subfield code="g">ALBERTO SANCHEZ Responsable de Automatizaci&#xF3;n</subfield>
  </datafield>
  <datafield tag="952" ind1=" " ind2=" ">
    <subfield code="r">2022-07-06 00:00:00</subfield>
    <subfield code="l">0</subfield>
    <subfield code="o">SP 3 R21 2005</subfield>
    <subfield code="p">T00454</subfield>
    <subfield code="t">e1</subfield>
    <subfield code="w">2015-12-02</subfield>
    <subfield code="x">PG</subfield>
    <subfield code="y">TESIS</subfield>
    <subfield code="z">Este &#xCD;tem NO se presta por ser Ejemplar #1.</subfield>
    <subfield code="1">0</subfield>
    <subfield code="2">ddc</subfield>
    <subfield code="7">1</subfield>
    <subfield code="8">TESIS</subfield>
    <subfield code="f">P82</subfield>
    <subfield code="a">BUL</subfield>
    <subfield code="b">BUL</subfield>
    <subfield code="c">TESIS</subfield>
    <subfield code="d">2015-12-02</subfield>
  </datafield>
</record>
